000 00654nam a22002052 4500
001 0000006374
005 20151021151110.0
008 071024s xx 000 0 eng d
020 _a0761994475 :
_cKES 1580
040 _aKABU
_cKABU
100 1 _aVirmani, B. R.
_@0000157867
245 1 0 _aManaging people in organisations :
_bthe challenges of change /
_cB. R. Virmani.
260 _aLondon :
_bResponse Books,
_c2000.
300 _a237 p.
650 0 _aPersonnel management
_cIndia.
_@0000157868
650 0 _aPersonnel management.
_@0000150761
908 _a071024
950 _@1
999 _c651
_d651